| 000 | 01934nam a2200337 c 4500 | ||
|---|---|---|---|
| 003 | BLK | ||
| 005 | 20180422113107.0 | ||
| 008 | 180410b bul|||||r ||||||| ||bul|| | ||
| 010 | _aKNG00158018000 | ||
| 040 | _aBLK | ||
| 041 |
_aBUL _cBUL |
||
| 080 |
_aИзобразителни изкуства и художествени занаяти _b73/76 _x(4) _z73/76(4) |
||
| 100 | 1 |
_aТугендхолд, Яков Алесандрович _eпърви автор _9131678 |
|
| 700 | 1 |
_aСтойков, Атанас _eглав. ред. _gАтанасов, Атанас Стойков _9369553 |
|
| 700 | 1 |
_aВитанова, Катя Любенова _eпрев. от рус. _9380339 |
|
| 139 |
_aТугендхолд, Яков Алесандрович _bТ 88 |
||
| 245 | 1 | 0 |
_aИзбрани произведения _cЯков Алесандрович Тугендхолд; глав. ред. Атанас Стойков; прев. от рус. Катя Любенова Витанова. |
| 257 | _aSUN | ||
| 260 |
_аСофия _bНаука и изкуство _c1987 _fПлевен : Ал. Пъшев |
||
| 300 |
_a524 с. _c21 см |
||
| 380 | _a7 | ||
| 490 | 1 | _aБиблиотека Естетика и изкуствознание | |
| 500 | _aПрев. е направен от Проблемы и характеристики ; Французское исуство и его представители ; Художественная культура Запада ; Искусство Октябрьской эпохи / Я. Тугенхольд. - Именен показалец. - Бел. | ||
| 650 | 4 |
_aИзобразително изкуство _9260464 |
|
| 653 | _aизобразително изкуство | ||
| 852 | _aЦб 151540 | ||
| 856 | 4 |
_qpdf _u |
|
| 856 | 4 |
_qpdf _u |
|
| 942 |
_cKNG _n0 |
||
| 944 |
_aCR _c17.03.2014 _l17.03.2014 - от С1,Р / 17.03.2014 _kКамелия_Данева |
||
| 944 |
_aED _c17.03.2014 _l17.03.2014 - от С1,Р / 17.03.2014 _k |
||
| 999 |
_c151613 _d151613 |
||